000 00449nam a2200181Ia 4500
001 46787
008 140429s9999 xx 000 0 und d
020 _aNA
040 _cPK-LaUMT
082 _aRHC 891.4393
_bNAE-Z
100 _aNaeem Siddiqi
245 _aZehni zalzalay (Urdu)
_cNaeem Siddiqi
260 _aHyderabad,India:
_bMaktaba Ibrahimia,
_cNA
300 _a192 p.
546 _aUR
650 _aPakistani literature-Urdu
942 _cBK
999 _c44736
_d44736